000 00782nab a2200253 u 4500
001 21581
003 HDC
007 cr bn ---aaaaa
008 210309c mydr|nes 0 a eng d
040 _aHDC
245 0 _aE-cigarettes just as dangerous'
260 _aMalaysia :
_bNEW STRAITS TIMES,
_c2015
300 _a1pages
336 _atext
_2rdacontent
337 _acomputer
_2rdamedia
338 _aonline resource
_2rdacarrier
650 _aE-cigarettes
_919048
650 _ahealth issues
_98051
710 _aNEW STRAITS TIMES
856 _zRequest full-text at [email protected]
942 _2lcc
942 _cNEWS
942 _kNWSC 010514
999 _c18897
_d18897